[Event "Tata Steel (B) 2015"]
[Site "Wijk aan Zee NED"]
[Date "2015.01.21"]
[Round "10"]
[White "Haast, Anne"]
[Black "Klein, David"]
[Result "1/2-1/2"]
[WhiteElo "2352"]
[BlackElo "2517"]
[PlyCount "265"]
[EventDate "2015.01.10"]

1. e4 Nf6 2. e5 Nd5 3. c4 Nb6 4. d4 d6 5. exd6 cxd6 6. Nc3 g6 7. Bd3 Bg7 8.
Nge2 O-O 9. O-O Nc6 10. d5 Ne5 11. b3 e6 12. Bf4 exd5 13. cxd5 Bg4 14. f3 Bd7
15. Rc1 Nc8 16. Bb1 Ne7 17. Qd2 Re8 18. Kh1 Qa5 19. Ne4 Qxd2 20. Bxd2 Nxd5 21.
Rfe1 Bc6 22. Nd4 Ne7 23. Nxc6 N7xc6 24. Bg5 Re6 25. Rcd1 h6 26. Bh4 g5 27. Bf2
Rd8 28. h4 d5 29. Ng3 Bf8 30. Kh2 Bb4 31. Rh1 Ng6 32. hxg5 hxg5 33. Nf5 Nge7
34. Nxe7+ Rxe7 35. Kg1 Bc3 36. Rh5 Bf6 37. f4 gxf4 38. Rhxd5 Rxd5 39. Rxd5 Re2
40. Rd7 Ne5 41. Rd1 Ng4 42. Bxa7 Ne3 43. Bxe3 fxe3 44. Bd3 Rxa2 45. Bc4 Bh4 46.
Kf1 Rf2+ 47. Kg1 Rf4 48. Be2 Rf2 49. Bc4 Rc2 50. Kf1 Kf8 51. Rd4 Bg3 52. Be2 f5
53. b4 Rb2 54. b5 Ke7 55. Rd3 Kf6 56. Rd5 Rb1+ 57. Rd1 Rb4 58. Rd5 Ke6 59. Rd3
Bf2 60. Rd1 Ke5 61. Bd3 Kf4 62. Be2 Bh4 63. Rd5 Rb1+ 64. Rd1 Rb2 65. Rd4+ Kg5
66. Rd7 Bg3 67. Rd5 Kf4 68. Rd7 Rb1+ 69. Rd1 Rb4 70. Rd5 Ra4 71. Rd1 Kg5 72.
Bf3 b6 73. Be2 Rf4+ 74. Bf3 Rb4 75. Be2 Be5 76. Rd5 Bc3 77. g3 Kf6 78. Bd3 Be5
79. Ke2 Rg4 80. Kxe3 Rxg3+ 81. Ke2 f4 82. Kf2 Re3 83. Be2 Rb3 84. Rd1 Rb4 85.
Kf3 Ke6 86. Bd3 Bd6 87. Rb1 Ra4 88. Rd1 Ke5 89. Re1+ Kf6 90. Rh1 Rd4 91. Be4
Rb4 92. Rh6+ Ke7 93. Rh7+ Kf8 94. Rh6 Rb3+ 95. Kg4 Ke7 96. Bc6 Re3 97. Rh3 Re1
98. Kf5 Re5+ 99. Kg4 Rc5 100. Rh6 Be5 101. Rh7+ Kf6 102. Rh6+ Kg7 103. Re6 Kf7
104. Rh6 Ke7 105. Rh7+ Ke6 106. Rh6+ Kf7 107. Rh7+ Kf6 108. Rh6+ Kg7 109. Re6
Bb8 110. Re8 Bd6 111. Re6 Be5 112. Bd7 Bc7 113. Bc6 Kf7 114. Rh6 Bd8 115. Rh5
Rc3 116. Kxf4 Kg6 117. Rd5 Bc7+ 118. Ke4 Kf6 119. Rf5+ Ke7 120. Rh5 Bg3 121.
Kd4 Ra3 122. Rh7+ Kf6 123. Rh6+ Kg5 124. Rh7 Bf2+ 125. Kc4 Bc5 126. Rh1 Kf4
127. Rh4+ Kg5 128. Rh1 Bf2 129. Rd1 Kf4 130. Kd5 Bc5 131. Ke6 Ra7 132. Rd7 Rxd7
133. Kxd7 1/2-1/2

[Event "Tata Steel (B) 2015"]
[Site "Wijk aan Zee NED"]
[Date "2015.01.21"]
[Round "10"]
[White "Timman, Jan H"]
[Black "Salem, A.R. Saleh"]
[Result "0-1"]
[WhiteElo "2593"]
[BlackElo "2603"]
[PlyCount "76"]
[EventDate "2015.01.10"]

1. e4 c5 2. Nf3 d6 3. d4 cxd4 4. Nxd4 Nf6 5. Nc3 a6 6. Be3 Ng4 7. Bc1 Nf6 8. h3
e6 9. g4 h6 10. Bg2 Be7 11. Be3 Nc6 12. f4 Nd7 13. O-O O-O 14. Nf3 b5 15. h4
Na5 16. Qe1 Bb7 17. a3 Nf6 18. g5 hxg5 19. hxg5 Ng4 20. Bc1 Nc4 21. Nd1 d5 22.
e5 Bc5+ 23. Kh1 d4 24. Qg3 Nge3 25. Nxe3 dxe3 26. b3 Bxf3 27. Bxf3 Qd4 28. Bxa8
Rxa8 29. Qf3 e2 30. Re1 Rd8 31. c3 Qd1 32. Qxe2 Qxb3 33. Qf3 Qc2 34. f5 Nxe5
35. Qg2 Qxf5 36. Be3 Rd3 37. Qa8+ Bf8 38. Ra2 Nf3 0-1

[Event "Tata Steel 2015"]
[Site "Wijk aan Zee NED"]
[Date "2015.01.23"]
[Round "11"]
[White "Hou Yifan"]
[Black "Jobava, Ba"]
[Result "1-0"]
[WhiteElo "2673"]
[BlackElo "2727"]
[PlyCount "90"]
[EventDate "2015.01.09"]

1. e4 c6 2. d4 d5 3. Nc3 dxe4 4. Nxe4 Nf6 5. Nxf6+ exf6 6. c3 Qd5 7. Nf3 Bd6 8.
Be2 O-O 9. O-O Bc7 10. h3 Bf5 11. Re1 Nd7 12. Nh4 Be4 13. g3 Rfe8 14. c4 Qa5
15. Bd2 Qb6 16. Bc3 Rad8 17. Bg4 Nf8 18. Re3 c5 19. d5 Bg6 20. Qe2 Rxe3 21.
Qxe3 Bd6 22. f4 Qc7 23. a4 Qb8 24. Re1 Bc2 25. Bd1 Bxd1 26. Rxd1 Qc8 27. Kg2
Re8 28. Qd3 Ng6 29. Nxg6 fxg6 30. b3 Kf7 31. Re1 h5 32. Rxe8 Qxe8 33. Bd2 b6
34. a5 bxa5 35. Qe3 Qd7 36. Bxa5 Qf5 37. Be1 h4 38. g4 Qc2+ 39. Kf1 Kg8 40.
Qe6+ Kh7 41. Qxd6 Qxb3 42. Kg2 Qxc4 43. Qe6 a5 44. f5 gxf5 45. Qxf5+ g6 1-0

[Event "Tata Steel 2015"]
[Site "Wijk aan Zee NED"]
[Date "2015.01.23"]
[Round "11"]
[White "So, W."]
[Black "Saric, Iv"]
[Result "1-0"]
[WhiteElo "2762"]
[BlackElo "2666"]
[PlyCount "55"]
[EventDate "2015.01.09"]

1. e4 e5 2. Nf3 Nc6 3. Bb5 a6 4. Ba4 Nf6 5. O-O Be7 6. Re1 b5 7. Bb3 d6 8. c3
O-O 9. h3 Re8 10. d4 Bb7 11. Nbd2 Bf8 12. a4 exd4 13. cxd4 Qd7 14. axb5 axb5
15. Rxa8 Bxa8 16. Ng5 Nd8 17. e5 Nd5 18. Ndf3 h6 19. Ne4 Nb4 20. Qd2 dxe5 21.
Nxe5 Qf5 22. Nc5 Bxc5 23. dxc5 Bd5 24. g4 Qf6 25. Bxd5 Nxd5 26. Qxd5 Nc6 27.
Nf3 Rd8 28. Qe4 1-0

[Event "Tata Steel 2015"]
[Site "Wijk aan Zee NED"]
[Date "2015.01.23"]
[Round "11"]
[White "Giri, A."]
[Black "Van Wely, L."]
[Result "1-0"]
[WhiteElo "2784"]
[BlackElo "2667"]
[PlyCount "103"]
[EventDate "2015.01.09"]

1. e4 d6 2. d4 Nf6 3. Nc3 g6 4. f4 Bg7 5. Bd3 e5 6. dxe5 dxe5 7. Nf3 exf4 8.
Bxf4 O-O 9. Qd2 Nc6 10. O-O-O Ng4 11. Nd5 Nce5 12. h3 Nxf3 13. gxf3 Ne5 14. Be2
Be6 15. Bg5 f6 16. Be3 c6 17. f4 Nf7 18. f5 gxf5 19. Nf4 Qxd2+ 20. Bxd2 Rae8
21. Rhg1 Kh8 22. Rxg7 Kxg7 23. Nh5+ Kg6 24. Rg1+ Ng5 25. Nf4+ Kg7 26. h4 h6 27.
Bh5 Bf7 28. exf5 Bxh5 29. Nxh5+ Kf7 30. hxg5 fxg5 31. Ng3 Rd8 32. Rh1 Rd4 33.
Rxh6 Rfd8 34. Rh7+ Kg8 35. Rh2 Rg4 36. Ne2 Rd5 37. Rf2 Kf7 38. b3 b5 39. b4 c5
40. a3 cxb4 41. axb4 a5 42. Nc3 Re5 43. bxa5 b4 44. Na2 Rxa5 45. Nxb4 Rg1+ 46.
Kb2 g4 47. Nd3 Rb5+ 48. Kc3 g3 49. Rf3 Rb7 50. Bf4 g2 51. Rg3 Re7 52. Ne5+ 1-0

[Event "Tata Steel 2015"]
[Site "Wijk aan Zee NED"]
[Date "2015.01.23"]
[Round "11"]
[White "Caruana, F."]
[Black "Radjabov, T."]
[Result "1/2-1/2"]
[WhiteElo "2820"]
[BlackElo "2734"]
[PlyCount "83"]
[EventDate "2015.01.09"]

1. d4 Nf6 2. c4 e6 3. Nc3 Bb4 4. Nf3 c5 5. g3 Ne4 6. Qc2 Qa5 7. Qxe4 Bxc3+ 8.
Bd2 Bxd2+ 9. Nxd2 Nc6 10. dxc5 Qxc5 11. Bg2 b5 12. Qe3 Qxe3 13. fxe3 bxc4 14.
Bxc6 dxc6 15. Nxc4 Ba6 16. Nd2 Rb8 17. b3 Ke7 18. Ne4 Rhd8 19. Rc1 e5 20. Kf2
Rb6 21. Rc5 Rd5 22. Rhc1 f5 23. Ng5 h6 24. Nf3 Kd6 25. R5c2 Kc7 26. h3 g6 27.
h4 Bb7 28. e4 fxe4 29. Nd2 Bc8 30. Ke3 Bf5 31. Rc5 Rxc5 32. Rxc5 Rb5 33. Rc4
Ra5 34. a4 h5 35. Nxe4 Bxe4 36. Kxe4 Rd5 37. e3 Kd6 38. Rc2 Rd1 39. Rf2 Ke6 40.
Rf8 Rg1 41. Re8+ Kd6 42. Kf3 1/2-1/2

[Event "Tata Steel (B) 2015"]
[Site "Wijk aan Zee NED"]
[Date "2015.01.23"]
[Round "11"]
[White "Salem, AR."]
[Black "Van Kampen, R."]
[Result "1-0"]
[WhiteElo "2603"]
[BlackElo "2615"]
[PlyCount "73"]
[EventDate "2015.01.10"]

1. e4 c5 2. Nf3 e6 3. c3 d5 4. exd5 Qxd5 5. Be2 Nf6 6. O-O Nc6 7. d4 cxd4 8.
Nxd4 Nxd4 9. cxd4 Be7 10. Nc3 Qd6 11. Qb3 O-O 12. Rd1 Rd8 13. Bf3 a6 14. a3 Nd5
15. g3 Nxc3 16. Bf4 Ne2+ 17. Bxe2 Qd5 18. Bc4 Qa5 19. Rac1 b5 20. Be2 Bd6 21.
Bg5 f6 22. Bf3 Rb8 23. Rxc8 Rdxc8 24. Qxe6+ Kh8 25. Bxf6 Qc7 26. Bg5 Rf8 27.
Rc1 Rbe8 28. Qd5 Qd7 29. Be3 Rc8 30. Rxc8 Rxc8 31. Kg2 Rd8 32. Be4 Bf8 33. Qg5
Be7 34. Qh5 g6 35. Qe5+ Kg8 36. Bh6 Bh4 37. f3 1-0

[Event "Tata Steel (B) 2015"]
[Site "Wijk aan Zee NED"]
[Date "2015.01.23"]
[Round "11"]
[White "L'Ami, E."]
[Black "Haast, A."]
[Result "1/2-1/2"]
[WhiteElo "2613"]
[BlackElo "2352"]
[PlyCount "92"]
[EventDate "2015.01.10"]

1. d4 d5 2. c4 dxc4 3. e4 Nc6 4. Nf3 Bg4 5. d5 Ne5 6. Bf4 Ng6 7. Bg3 e5 8. Bxc4
Bd6 9. h3 Bd7 10. h4 Qe7 11. Nc3 Nf6 12. Kf1 Nh5 13. Nd2 Nxg3+ 14. fxg3 h5 15.
Be2 Qf6+ 16. Bf3 Ne7 17. Nc4 Bc5 18. a4 Ng8 19. Qd2 Nh6 20. Nb5 O-O 21. Ke2 c6
22. Nc3 Ng4 23. Qg5 Qxg5 24. hxg5 g6 25. Bxg4 Bxg4+ 26. Kd3 Rfe8 27. Rhf1 Rad8
28. Kc2 Bd4 29. Rf6 cxd5 30. Nd6 Re7 31. Nxd5 Red7 32. Nb5 Rc8+ 33. Kd2 Kg7 34.
Nxd4 exd4 35. Rc1 Rxc1 36. Kxc1 Be6 37. Nf4 Bb3 38. Kd2 Bxa4 39. e5 Re7 40. e6
Bb3 41. Rxf7+ Rxf7 42. exf7 Bxf7 43. Kd3 Kf8 44. Kxd4 Ke7 45. Ke5 a5 46. Ne2
Bc4 1/2-1/2

[Event "Tata Steel (B) 2015"]
[Site "Wijk aan Zee NED"]
[Date "2015.01.23"]
[Round "11"]
[White "Michiels, B."]
[Black "Wei Yi"]
[Result "0-1"]
[WhiteElo "2563"]
[BlackElo "2675"]
[PlyCount "74"]
[EventDate "2015.01.10"]

1. d4 Nf6 2. c4 e6 3. Nc3 Bb4 4. Qc2 O-O 5. a3 Bxc3+ 6. Qxc3 d6 7. Nf3 Nc6 8.
b4 e5 9. dxe5 dxe5 10. Bb2 e4 11. Nd2 Re8 12. g3 Bf5 13. Bg2 Ne5 14. O-O Qd7
15. Rfd1 Rad8 16. Qb3 Qe6 17. Bxe5 Qxe5 18. Nf1 Be6 19. Ne3 h5 20. h4 Ng4 21.
Nxg4 hxg4 22. e3 Rd3 23. Qc2 Red8 24. Bf1 R8d6 25. a4 b6 26. Rac1 Bf5 27. Be2
c5 28. bxc5 Qxc5 29. Bxd3 exd3 30. Qb2 Be4 31. Rd2 Qf5 32. f4 gxf3 33. Qb5 Qg4
34. Kh2 Bf5 35. Qe5 Qh3+ 36. Kg1 Rg6 37. Rh2 f2+ 0-1

[Event "Tata Steel (B) 2015"]
[Site "Wijk aan Zee NED"]
[Date "2015.01.23"]
[Round "11"]
[White "Gunina, V."]
[Black "Navara, D."]
[Result "1/2-1/2"]
[WhiteElo "2538"]
[BlackElo "2729"]
[PlyCount "60"]
[EventDate "2015.01.10"]

1. d4 Nf6 2. c4 e6 3. Nf3 b6 4. g3 Ba6 5. Qa4 Bb7 6. Bg2 c5 7. dxc5 bxc5 8. O-O
Be7 9. Nc3 O-O 10. Bf4 Qb6 11. Rfd1 d6 12. Rab1 Nbd7 13. Qb5 Rfd8 14. b4 cxb4
15. Qxb4 Ne4 16. Qxb6 Nxb6 17. Na4 Rab8 18. Nxb6 Nc3 19. Na4 Nxa4 20. Rdc1 Nc5
21. Nd2 Bxg2 22. Kxg2 Rdc8 23. Be3 f5 24. Nb3 Nxb3 25. Rxb3 Rxb3 26. axb3 Rb8
27. Bxa7 Rxb3 28. c5 dxc5 29. Bxc5 Bxc5 30. Rxc5 Kf7 1/2-1/2

[Event "Tata Steel (B) 2015"]
[Site "Wijk aan Zee NED"]
[Date "2015.01.23"]
[Round "11"]
[White "Klein, Da"]
[Black "Shankland, S."]
[Result "0-1"]
[WhiteElo "2517"]
[BlackElo "2652"]
[PlyCount "36"]
[EventDate "2015.01.10"]

1. b3 d5 2. Bb2 Bf5 3. e3 e6 4. Nc3 Nf6 5. d4 c5 6. Nf3 a6 7. Bd3 Bg4 8. dxc5
Bxc5 9. h3 Bh5 10. a3 Nc6 11. e4 O-O 12. g4 Bg6 13. Qe2 Nd4 14. Nxd4 Bxd4 15.
f3 Qc7 16. Kd2 dxe4 17. fxe4 Qf4+ 18. Kd1 Qe5 0-1

[Event "Tata Steel (B) 2015"]
[Site "Wijk aan Zee NED"]
[Date "2015.01.23"]
[Round "11"]
[White "Potkin, V."]
[Black "Timman, J."]
[Result "1-0"]
[WhiteElo "2608"]
[BlackElo "2593"]
[PlyCount "152"]
[EventDate "2015.01.10"]

1. d4 Nf6 2. c4 g6 3. g3 c6 4. Bg2 d5 5. e3 dxc4 6. Ne2 Bg7 7. O-O Nbd7 8. Na3
Nb6 9. Qc2 O-O 10. e4 Ne8 11. Nxc4 Bg4 12. Na5 Nd6 13. Rd1 Nd5 14. Nb3 Nb4 15.
Qd2 a5 16. f3 Be6 17. Nf4 Bxb3 18. axb3 Nb5 19. e5 Qxd4+ 20. Qxd4 Nxd4 21. Rxd4
Nc2 22. Rda4 b5 23. R4a2 Nxa1 24. Rxa1 Bxe5 25. Nd3 Bd4+ 26. Kf1 c5 27. f4 Ra7
28. Ne5 Rc8 29. Ke2 Bxe5 30. fxe5 a4 31. Be3 Rcc7 32. b4 cxb4 33. Bxa7 Rxa7 34.
Bc6 Rc7 35. Bxb5 Rc2+ 36. Ke3 Rxh2 37. Be2 a3 38. bxa3 bxa3 39. e6 f5 40. Rxa3
Kg7 41. Ra8 Kf6 42. Bc4 Ke5 43. Ra5+ Kf6 44. Ra8 Ke5 45. Re8 Kd6 46. Rd8+ Ke5
47. Re8 Kd6 48. Kf4 Rf2+ 49. Kg5 Rc2 50. Rc8 Rh2 51. Bb3 Ke5 52. Rc5+ Ke4 53.
g4 fxg4 54. Kxg4 Rg2+ 55. Kh3 Rf2 56. Ba4 Rf6 57. Bd7 Rf3+ 58. Kg2 Rf5 59. Rc8
Ke5 60. Rh8 Rg5+ 61. Kf3 h5 62. Rh7 Kd6 63. Rh6 Rg4 64. Be8 Kxe6 65. Bxg6 Rb4
66. Be4+ Ke5 67. Rxh5+ Kd6 68. Rd5+ Ke6 69. Kf4 Rb6 70. Rh5 Rd6 71. Kg5 Ke5 72.
Bf5 Rf6 73. Bg4 Kd6 74. Rh1 Kc7 75. Re1 Kd8 76. Rc1 Re6 1-0

[Event "Tata Steel (B) 2015"]
[Site "Wijk aan Zee NED"]
[Date "2015.01.23"]
[Round "11"]
[White "Sevian, Samuel"]
[Black "Dale, Ari"]
[Result "1/2-1/2"]
[WhiteElo "2511"]
[BlackElo "2291"]
[PlyCount "47"]
[EventDate "2015.01.10"]

1. e4 c6 2. d4 d5 3. e5 Bf5 4. Nf3 e6 5. Be2 c5 6. Be3 cxd4 7. Nxd4 Ne7 8. O-O
Nbc6 9. Bb5 Qc7 10. c4 dxc4 11. Na3 Bd3 12. Qa4 Bxf1 13. Rxf1 Rc8 14. Rc1 Nd5
15. Nxc6 bxc6 16. Rxc4 Nb4 17. Bd2 Qd7 18. Bxb4 cxb5 19. Rxc8+ Qxc8 20. Qxb5+
Qd7 21. Qb8+ Qd8 22. Qb5+ Qd7 23. Qb8+ Qd8 24. Qb5+ 1/2-1/2

[Event "Tata Steel 2015"]
[Site "Wijk aan Zee NED"]
[Date "2015.01.24"]
[Round "12"]
[White "Saric, Iv"]
[Black "Wojtaszek, R."]
[Result "1-0"]
[WhiteElo "2666"]
[BlackElo "2744"]
[PlyCount "141"]
[EventDate "2015.01.09"]

1. e4 c5 2. Nf3 d6 3. d4 cxd4 4. Nxd4 Nf6 5. Nc3 a6 6. Be3 e5 7. Nb3 Be6 8. f3
Be7 9. Qd2 O-O 10. O-O-O Nbd7 11. g4 b5 12. g5 b4 13. Ne2 Ne8 14. f4 a5 15. f5
a4 16. fxe6 axb3 17. cxb3 fxe6 18. Bh3 Rxa2 19. Bxe6+ Kh8 20. Ng3 Nc7 21. Bc4
Qa8 22. Rhf1 Ra1+ 23. Kc2 Rxf1 24. Rxf1 Rxf1 25. Bxf1 d5 26. h4 g6 27. Qf2 Kg7
28. Kb1 Qf8 29. Qc2 Nc5 30. exd5 Nxd5 31. Bxc5 Bxc5 32. Bc4 Ne3 33. Qe4 Qe7 34.
Qf3 Nxc4 35. bxc4 Qd7 36. Ne4 Be7 37. Kc2 Qa4+ 38. Qb3 Qc6 39. Qd3 Qa4+ 40. b3
Qa2+ 41. Kd1 Qg2 42. Qd5 Qh1+ 43. Kc2 Qh2+ 44. Nd2 Qg3 45. Nf3 Qf2+ 46. Kd3 Bd6
47. Nd2 Qg3+ 48. Ke2 Qg4+ 49. Qf3 Qe6 50. Qe4 h6 51. Nf3 hxg5 52. Nxg5 Qf6 53.
Qb7+ Be7 54. c5 e4 55. Qxb4 Qb2+ 56. Ke3 Qc1+ 57. Kxe4 Qc2+ 58. Kd5 Qf5+ 59.
Kc6 Qc8+ 60. Kb5 Qb8+ 61. Ka4 Qa8+ 62. Qa5 Qc6+ 63. Qb5 Qd5 64. Qb6 Kh6 65. c6
Kh5 66. Nh7 Qe4+ 67. Ka5 Kxh4 68. c7 Qa8+ 69. Qa6 Qd5+ 70. Qb5 Qa8+ 71. Kb6 1-0

[Event "Tata Steel 2015"]
[Site "Wijk aan Zee NED"]
[Date "2015.01.24"]
[Round "12"]
[White "Radjabov, T."]
[Black "Hou Yifan"]
[Result "1/2-1/2"]
[WhiteElo "2734"]
[BlackElo "2673"]
[PlyCount "67"]
[EventDate "2015.01.09"]

1. d4 Nf6 2. c4 e6 3. g3 d5 4. Bg2 Be7 5. Nf3 O-O 6. Nc3 dxc4 7. Ne5 c5 8. dxc5
Qxd1+ 9. Nxd1 Bxc5 10. Nxc4 Rd8 11. Be3 Bb4+ 12. Nc3 Nc6 13. Rc1 Nd5 14. Bd2
Bxc3 15. Bxc3 Nxc3 16. Rxc3 Bd7 17. f4 Kf8 18. Kf2 Ke7 19. Rhc1 f6 20. a3 Rab8
21. Nd2 Nd4 22. Nb3 Nxb3 23. Rxb3 Rdc8 24. Rxc8 Bxc8 25. g4 h6 26. h4 b6 27.
Rc3 Kd6 28. Rd3+ Kc7 29. g5 hxg5 30. hxg5 Bb7 31. Bxb7 Rxb7 32. e4 fxg5 33.
fxg5 Kc6 34. Ke3 1/2-1/2

[Event "Tata Steel 2015"]
[Site "Wijk aan Zee NED"]
[Date "2015.01.24"]
[Round "12"]
[White "Vachier Lagrave, M."]
[Black "Aronian, L."]
[Result "1/2-1/2"]
[WhiteElo "2757"]
[BlackElo "2797"]
[PlyCount "65"]
[EventDate "2015.01.09"]

1. Nf3 d5 2. g3 Nf6 3. Bg2 e6 4. O-O Be7 5. d4 O-O 6. c4 dxc4 7. Qc2 a6 8. Qxc4
b5 9. Qc2 Bb7 10. Bd2 Bd6 11. Re1 Be4 12. Qc1 Bb7 13. Qc2 Be4 14. Qc1 Bb7 15.
Bg5 Nbd7 16. Nbd2 c5 17. e4 Be7 18. e5 Nd5 19. Bxe7 Qxe7 20. Ne4 cxd4 21. Qd2
Rad8 22. Rac1 Qb4 23. Qd3 Qxb2 24. a3 Nc3 25. Neg5 g6 26. Nxd4 Bxg2 27. Kxg2
Na4 28. Rcd1 Ndc5 29. Qe3 Qc3 30. Qf4 Nd3 31. Qh4 Nxe1+ 32. Rxe1 h5 33. Ne4
1/2-1/2

[Event "Tata Steel 2015"]
[Site "Wijk aan Zee NED"]
[Date "2015.01.24"]
[Round "12"]
[White "Ding Liren"]
[Black "Carlsen, M."]
[Result "1/2-1/2"]
[WhiteElo "2732"]
[BlackElo "2862"]
[PlyCount "71"]
[EventDate "2015.01.09"]

1. d4 Nf6 2. c4 e6 3. Nf3 d5 4. Nc3 Be7 5. Bf4 O-O 6. e3 b6 7. Bd3 dxc4 8. Bxc4
Ba6 9. Qe2 Qc8 10. O-O c5 11. Nb5 Nbd7 12. Rac1 Qb7 13. dxc5 Nxc5 14. b4 Nce4
15. Nfd4 Rac8 16. a3 Nd5 17. Bd3 Bxb5 18. Nxb5 Nxf4 19. exf4 Nf6 20. f5 exf5
21. Bxf5 Rxc1 22. Rxc1 a5 23. Rc7 Qd5 24. Bd3 Bd8 25. Bc4 Qg5 26. Rxf7 Qc1+ 27.
Qf1 Qxf1+ 28. Kxf1 Rxf7 29. Nd6 axb4 30. Nxf7 Be7 31. Nd8+ Kf8 32. Ne6+ Kf7 33.
Nc7+ Kg6 34. axb4 Bxb4 35. Nd5 Nxd5 36. Bxd5 1/2-1/2

[Event "Tata Steel 2015"]
[Site "Wijk aan Zee NED"]
[Date "2015.01.24"]
[Round "12"]
[White "Giri, A."]
[Black "So, W."]
[Result "1-0"]
[WhiteElo "2784"]
[BlackElo "2762"]
[PlyCount "221"]
[EventDate "2015.01.09"]

1. c4 e6 2. g3 d5 3. Bg2 Nf6 4. Nf3 d4 5. O-O c5 6. e3 Nc6 7. exd4 cxd4 8. d3
Bd6 9. Na3 e5 10. c5 Bxc5 11. Nc4 Nd7 12. Re1 O-O 13. Nfxe5 Ncxe5 14. Nxe5 Nxe5
15. Rxe5 Qb6 16. a4 a5 17. Qc2 Bb4 18. Rb5 Qe6 19. Bf4 Bd7 20. Bd5 Qf6 21. Rxb7
Rac8 22. Qd1 Be6 23. Rb6 Rfe8 24. Bxe6 Rxe6 25. Rc1 Rce8 26. Rxe6 Qxe6 27. Bd2
Bxd2 28. Qxd2 Qf5 29. Rc4 Qd5 30. b4 axb4 31. Qxb4 h5 32. Rxd4 Qf3 33. Re4 Rd8
34. Re3 Qd1+ 35. Kg2 Rxd3 36. Rxd3 Qxd3 37. h4 g5 38. Qb8+ Kg7 39. Qe5+ f6 40.
Qe3 Qc4 41. hxg5 Qd5+ 42. Qf3 Qxg5 43. Qb7+ Kh6 44. Qa8 Kg7 45. Qa7+ Kg6 46.
Qa8 Qf5 47. Qf3 Qe5 48. Kh2 Kf7 49. Qb3+ Kg7 50. Qb4 Qc7 51. Qe4 Qc5 52. Kg2
Qg5 53. Qe7+ Kg6 54. Qe8+ Kg7 55. Qd7+ Kh6 56. Qd6 Kg6 57. Qd3+ Kg7 58. Qe4 Qc5
59. Qb7+ Kg6 60. Qb1+ Kg7 61. Qe4 Qg5 62. Qe7+ Kg6 63. Qe8+ Kg7 64. Qb5 Qg4 65.
Qb7+ Kg6 66. Qb1+ Kg7 67. a5 h4 68. Qd3 Qc8 69. a6 Qc6+ 70. Kh2 Qb6 71. Kg2 h3+
72. Kxh3 Qxf2 73. Qc4 Kg6 74. Qf4 Qg1 75. Qe4+ f5 76. Qg2 Qa1 77. Qc6+ Kg5 78.
Kg2 Qa2+ 79. Kf3 Qa3+ 80. Ke2 Qa2+ 81. Kd3 Qb3+ 82. Qc3 Qd5+ 83. Qd4 Qb5+ 84.
Qc4 Qb1+ 85. Kd2 Qb2+ 86. Ke3 Qa3+ 87. Kf2 Qa5 88. Qf4+ Kg6 89. Qd6+ Kh5 90.
Ke3 Qa4 91. Kd2 Qb3 92. Qd3 Qa2+ 93. Ke3 Kg5 94. Kf3 Qa1 95. Qd8+ Kh5 96. Qe8+
Kg5 97. Qe7+ Kg6 98. Qe6+ Kg5 99. Qe3+ Kf6 100. a7 Qf1+ 101. Qf2 Qh1+ 102. Ke2
Qe4+ 103. Qe3 Qc4+ 104. Ke1 Qb4+ 105. Kf1 Qb1+ 106. Kg2 Qb7+ 107. Kh2 Kf7 108.
Qa3 Qa8 109. Qb3+ Kg7 110. Qb8 Qf3 111. a8=Q 1-0

[Event "Tata Steel 2015"]
[Site "Wijk aan Zee NED"]
[Date "2015.01.24"]
[Round "12"]
[White "Ivanchuk, V."]
[Black "Caruana, F."]
[Result "1/2-1/2"]
[WhiteElo "2715"]
[BlackElo "2820"]
[PlyCount "75"]
[EventDate "2015.01.09"]

1. Nf3 Nf6 2. d4 g6 3. c4 Bg7 4. Nc3 d5 5. Bg5 Ne4 6. Bf4 Nxc3 7. bxc3 c5 8.
cxd5 Qxd5 9. e3 cxd4 10. cxd4 O-O 11. Be2 Qa5+ 12. Qd2 Qxd2+ 13. Kxd2 Nc6 14.
Rhc1 Rd8 15. Ke1 Bf5 16. h3 h5 17. Nh4 Bc8 18. Bc4 Nxd4 19. Bc7 Rd7 20. exd4
Rxd4 21. Nxg6 Re4+ 22. Kf1 Bxa1 23. Bd5 Bf5 24. Bxe4 Bxe4 25. Nxe7+ Kf8 26.
Rxa1 Bd3+ 27. Kg1 Kxe7 28. Re1+ Kf6 29. Bg3 Rc8 30. Bh4+ Kg7 31. Re3 Bg6 32.
Bg3 Rc4 33. f3 Bf5 34. Re7 Be6 35. Rxb7 Ra4 36. Rb5 Kg6 37. Be1 Rxa2 38. Ra5
1/2-1/2

[Event "Tata Steel 2015"]
[Site "Wijk aan Zee NED"]
[Date "2015.01.24"]
[Round "12"]
[White "Van Wely, L."]
[Black "Jobava, Ba"]
[Result "1/2-1/2"]
[WhiteElo "2667"]
[BlackElo "2727"]
[PlyCount "39"]
[EventDate "2015.01.09"]

1. d4 Nf6 2. c4 e6 3. Nf3 Bb4+ 4. Bd2 Bxd2+ 5. Qxd2 O-O 6. g3 b6 7. Bg2 Bb7 8.
Nc3 d6 9. d5 e5 10. O-O a5 11. e4 Na6 12. Ne1 Nc5 13. Nc2 Re8 14. b3 h6 15.
Rae1 Bc8 16. h3 Nh5 17. Bf3 Nf6 18. Bg2 Nh5 19. Bf3 Nf6 20. Bg2 1/2-1/2

[Event "Tata Steel (B) 2015"]
[Site "Wijk aan Zee NED"]
[Date "2015.01.24"]
[Round "12"]
[White "Dale, Ari"]
[Black "Klein, Da"]
[Result "1/2-1/2"]
[WhiteElo "2291"]
[BlackElo "2517"]
[PlyCount "71"]
[EventDate "2015.01.10"]

1. d4 Nf6 2. c4 g6 3. Nc3 Bg7 4. e4 O-O 5. Nf3 c6 6. Be2 d5 7. exd5 cxd5 8. O-O
Nc6 9. h3 dxc4 10. Bxc4 b6 11. Ne5 Bb7 12. Nxc6 Bxc6 13. d5 Bb7 14. Re1 a6 15.
a4 Qd6 16. Bg5 h6 17. Bh4 Qf4 18. Bxf6 exf6 19. Qb3 f5 20. Re7 b5 21. axb5 axb5
22. Rxa8 Rxa8 23. Qxb5 Qc1+ 24. Kh2 Qf4+ 25. Kg1 Bxc3 26. bxc3 Qc1+ 27. Kh2
Qf4+ 28. Kg1 Qc1+ 29. Kh2 Qf4+ 30. Kg1 Ba6 31. Qc6 Qc1+ 32. Kh2 Qf4+ 33. Kg1
Qc1+ 34. Kh2 Qf4+ 35. Kg1 Qc1+ 36. Kh2 1/2-1/2

[Event "Tata Steel (B) 2015"]
[Site "Wijk aan Zee NED"]
[Date "2015.01.24"]
[Round "12"]
[White "Shankland, S."]
[Black "L'Ami, E."]
[Result "1-0"]
[WhiteElo "2652"]
[BlackElo "2613"]
[PlyCount "79"]
[EventDate "2015.01.10"]

1. e4 e5 2. Nf3 Nc6 3. Bc4 Nf6 4. Ng5 d5 5. exd5 Na5 6. Bb5+ c6 7. dxc6 bxc6 8.
Bd3 Nd5 9. Nf3 Bd6 10. O-O Nf4 11. Nc3 O-O 12. Be2 c5 13. d3 Nxe2+ 14. Qxe2 Bb7
15. Ne4 Nc6 16. Be3 f5 17. Nxc5 Bxc5 18. Bxc5 Rf6 19. d4 Rg6 20. Rfd1 e4 21.
Ne5 Nxe5 22. dxe5 Qg5 23. g3 f4 24. Qc4+ Kh8 25. Qf7 Bc6 26. Qe7 e3 27. Qxg5
Rxg5 28. Rd6 Rc8 29. Re1 h5 30. Bxa7 Bf3 31. e6 Rg6 32. c3 h4 33. Rd4 hxg3 34.
fxg3 fxg3 35. Rxe3 gxh2+ 36. Kxh2 Bc6 37. e7 Re8 38. b4 Rg2+ 39. Kh3 g5 40. b5
1-0

[Event "Tata Steel (B) 2015"]
[Site "Wijk aan Zee NED"]
[Date "2015.01.24"]
[Round "12"]
[White "Wei Yi"]
[Black "Haast, A."]
[Result "1-0"]
[WhiteElo "2675"]
[BlackElo "2352"]
[PlyCount "51"]
[EventDate "2015.01.10"]

1. e4 c5 2. Nf3 e6 3. d4 cxd4 4. Nxd4 Nc6 5. Nc3 Qc7 6. Be3 a6 7. Qf3 Ne5 8.
Qg3 h5 9. O-O-O h4 10. Qh3 b5 11. f4 Nc4 12. Bxc4 Qxc4 13. f5 Bb7 14. Rhf1 e5
15. Nb3 Qc7 16. Kb1 Rc8 17. f6 Nxf6 18. Rxf6 gxf6 19. Bb6 Qc6 20. Na5 Qe6 21.
Nxb7 Rb8 22. Nd5 Rxb7 23. Qc3 Qc6 24. Nxf6+ Ke7 25. Bd8+ Ke6 26. Qh3# 1-0

[Event "Tata Steel (B) 2015"]
[Site "Wijk aan Zee NED"]
[Date "2015.01.24"]
[Round "12"]
[White "Navara, D."]
[Black "Sevian, Samuel"]
[Result "1/2-1/2"]
[WhiteElo "2729"]
[BlackElo "2511"]
[PlyCount "87"]
[EventDate "2015.01.10"]

1. c4 Nf6 2. Nc3 e5 3. g3 d5 4. cxd5 Nxd5 5. Bg2 Nb6 6. e3 Be7 7. Nge2 h5 8.
O-O h4 9. d4 exd4 10. Nxd4 c6 11. b3 Na6 12. Bb2 Nc7 13. Qf3 Qd6 14. Nf5 Bxf5
15. Qxf5 Qe6 16. Qxe6 Nxe6 17. Ne4 Nd5 18. Rfd1 a5 19. Nd2 hxg3 20. hxg3 Nb6
21. Rab1 O-O-O 22. f4 Bc5 23. Kf2 f5 24. Nc4 Nxc4 25. bxc4 Rxd1 26. Rxd1 Rd8
27. Rxd8+ Kxd8 28. Bh3 g6 29. Be5 Ke7 30. g4 fxg4 31. Bxg4 Kf7 32. a4 Be7 33.
Bxe6+ Kxe6 34. Bc7 b5 35. cxb5 cxb5 36. axb5 a4 37. Be5 Kd5 38. Ke2 Kc5 39. Kd3
Kxb5 40. e4 a3 41. Kc3 a2 42. Kb2 Kc4 43. f5 gxf5 44. exf5 1/2-1/2

[Event "Tata Steel (B) 2015"]
[Site "Wijk aan Zee NED"]
[Date "2015.01.24"]
[Round "12"]
[White "Michiels, B."]
[Black "Salem, AR."]
[Result "0-1"]
[WhiteElo "2563"]
[BlackElo "2603"]
[PlyCount "76"]
[EventDate "2015.01.10"]

1. d4 Nf6 2. c4 e6 3. Nc3 Bb4 4. Qc2 Nc6 5. Nf3 d6 6. Bd2 a5 7. a3 Bxc3 8. Bxc3
Qe7 9. b3 O-O 10. g3 e5 11. d5 Nb8 12. Bg2 c6 13. dxc6 Nxc6 14. O-O a4 15. b4
Be6 16. Nd2 d5 17. cxd5 Nxd5 18. Bb2 Rfc8 19. b5 Nd4 20. Qe4 Nc3 21. Bxc3 Rxc3
22. e3 Ne2+ 23. Kh1 Rd8 24. Nf3 f6 25. Qxa4 Rc4 26. Qa7 Nc3 27. a4 Rcc8 28. Qa5
Qc5 29. Rfc1 b6 30. Qxc3 Qxc3 31. Rxc3 Rxc3 32. Ne1 Bb3 33. Bf3 Rc4 34. a5 bxa5
35. Rxa5 e4 36. Bg4 Rc1 37. b6 Rxe1+ 38. Kg2 Bc4 0-1